000 00506nam a22001697a 4500
005 20180905175415.0
010 _aB-120661
020 _a8188689173
035 _aB-120661
037 _bOverseas Press India Pvt.Ltd.
082 _a523.1
100 _aBerry, Michael
245 _aPrinciples of cosmology and gravitation
_cMichael Berry
260 _aNew Delhi
_bOverseas Press India Pvt.Ltd.
_c2005
300 _a179p. (It include index)
_c22cm (pbk)
942 _2ddc
_cEN
_h523.1
_mBER
999 _c157013
_d157013